000 00459nam a2200181Ia 4500
008 100917s9999 xx 000 0 und d
082 _b40453
100 _aयादवाडकर प्रकाश
245 _aऍगाथा
260 _bरंजना प्रकाशन
_c1973
300 _a140
365 _b5
520 _aकथा
630 _aऍगाथा
650 _aकथा
730 _aऍगाथा
942 _cBOOK
999 _c645847
_d645844